000 00443nam a2200121Ia 4500
008 250103s2023 xx 000 0 und d
020 _a978-3-031-21893-4
041 _aeng
100 _aMatthew D. Tadlock, Amy A. Hernandez
245 _aExpeditionary Surgery at Sea
260 _bSpringer International Publishing
_c2023
856 _uhttps://link.springer.com/openurl?genre=book&isbn=978-3-031-21893-4
_zhttps://doi.org/10.1007/978-3-031-21893-4
999 _c12739
_d12739